000 00767nam a2200229Ia 4500
003 GCL
008 140319s9999 xx 000 0 ara d
040 _aGCL /
_cGCL
082 0 4 _aق
_b962.03
_bخ ت
100 1 _aكريسيليوس ، دانيال
245 1 0 _aتاريخ الوزير محمد على باشا /
_cكريسيليوس ، دانيال
700 1 _aخليل بن احمد الرجبى
700 1 _aحمزة عبدالعزيز
700 1 _aحسام الدين اسماعيل (محقق)
250 _aالاولى
260 _aالقاهرة :
_bدار الافاق العربية ،
_c1997
300 _a278 ص:
_bايض ؛
_c24 سم
650 0 4 _aالعصر الحديث
650 0 4 _aمصر
650 0 4 _aتاريخ
942 _2ddc
_cBK
999 _c47710
_d47710